000 01573cam a22004094i 4500
003 PE-LiUPU
005 20250731173120.0
008 150623s r 000 0 d
035 _a(Sirsi) a25380
040 _aPE-LiUPU
_bspa
_cPE-LiUPU
_erda
082 0 4 _a213
_bS72
_221
245 0 0 _aSymposium on creation IV.
_n4 /
_ceditado por Donald Patten.
264 1 _aGrand Rapids, Michigan :
_bBaker Book House,
_c1972.
300 _a159 páginas ;
_c22 cm.
336 _atext
_2rdacontent
337 _aunmediated
_2rdamedia
338 _avolume
_2rdacarrier
505 0 _aFlood traditions of the world. Blood, the liquid of life. Creationist botany today: a progress report. Instinct. Creator God or Cosmic magician?. The origins of civilization: archaeological data and the problems of evolutionary explanation. Out of whose womb came the ice?. Pattern and purpose in creation.
526 _aSEG42
526 _aSEG41
526 _aSEG40
526 _aSEG39
526 _aP94
526 _aP87
526 _aP86
526 _aP85
526 _aP77
526 _aP76
526 _aP35
650 0 4 _aCreación.
700 1 _aPatten, Donald W.,
_eed.
942 _2ddc
_cBOOK
949 _a213 S72 4
_wDEWEY
_c1
_i50475
_lCCODEBUL1
_mBUL
_p00.00
_r0
_sY
_tBOOK
_u2015-06-24
_xTEOLOGIA
_PP35
_0COMPRA
_o.STAFF. Colección General
596 _a1
999 _a213 S72 4
_wDEWEY
_c32295
_i50475
_d32295
_f2021-11-9
_g5
_lCCODEBUL1
_mBUL
_q1
_r0
_sY
_tBOOK
_u2015-6-24
_xTEOLOGIA
_PP35
_0COMPRA
_o.STAFF. Colección General
980 _81
_gALBERTO SANCHEZ Responsable de Automatización